00376nam a22001097a 4500008004100000020002200041082001000063100003100073245011000104260003400214300001800248230404b |||||||| |||| 00| 0 eng d a978-81-8495-764-8 a158.1 aLes Hewitt and Fran Hewitt aThe power of focus for women:bWhat successful women know about conquering challenges and creating change bJaico Publishing House,c2015 a308 p.c21 cm